[Event "SVK-ch Amateurs"]
[Site "Topolcany"]
[Date "2021.08.09"]
[Round "6"]
[White "Komlosi, Frantisek"]
[Black "Matejov, Jaroslav"]
[Result "0-1"]
[WhiteElo "1870"]
[BlackElo "2020"]
[PlyCount "84"]
[EventDate "2021.08.06"]
[EventType "swiss"]
[EventRounds "7"]
[EventCountry "SVK"]
[SourceTitle "EXT 2022"]
[Source "ChessBase"]
[SourceDate "2021.10.06"]
[SourceVersion "1"]
[SourceVersionDate "2021.10.06"]
[SourceQuality "1"]

1. d4 d5 2. Nf3 Nf6 3. g3 e6 4. Bg2 Be7 5. 0-0 0-0 6. c4 b6 7. Nc3 Bb7 8. cxd5 exd5 9. Bg5 Nbd7 10. Rc1 c5 11. e3 c4 12. Nd2 h6 13. Bf4 Rc8 14. e4 dxe4 15. Ndxe4 Nd5 16. Nxd5 Bxd5 17. Re1 Nf6 18. Nc3 Bxg2 19. Kxg2 Bd6 20. Bxd6 Qxd6 21. d5 a6 22. Qf3 b5 23. a3 Rfe8 24. Qf5 g6 25. Qf3 Kg7 26. h3 Rcd8 27. Rcd1 Rxe1 28. Rxe1 Nd7 29. Qe3 Qf6 30. Re2 Rc8 31. f4 Nc5 32. g4 Nd3 33. Kg3 g5 34. f5 Rd8 35. Qe4 Nxb2 36. Nb1 Nd3 37. Nd2 Nf4 38. Re3 Rxd5 39. Nf3 Qd6 40. Ne5 Nd3 41. f6+ Kg8 42. Qf5 Rxe5 0-1

[Event "SVK-chT2C 1920"]
[Site "Slovakia"]
[Date "2020.01.26"]
[Round "7.4"]
[White "Matejov, Jaroslav"]
[Black "Staffen, Richard"]
[Result "1/2-1/2"]
[WhiteElo "2059"]
[BlackElo "1976"]
[PlyCount "20"]
[EventDate "2019.10.26"]
[EventType "team-tourn"]
[EventRounds "11"]
[EventCountry "SVK"]
[SourceTitle "CBM 194 Extra"]
[Source "ChessBase"]
[SourceDate "2020.03.31"]
[SourceVersion "1"]
[SourceVersionDate "2020.03.31"]
[SourceQuality "1"]
[WhiteTeam "Rajecke Teplice"]
[BlackTeam "Zilina Mladost II"]
[WhiteTeamCountry "SVK"]
[BlackTeamCountry "SVK"]

1. e4 b6 2. d4 Bb7 3. Bd3 e6 4. Nf3 Nf6 5. Nbd2 c5 6. c3 d5 7. e5 Nfd7 8. 0-0 Ba6 9. Bxa6 Nxa6 10. h3 Be7 1/2-1/2

[Event "SVK-chT2C 1920"]
[Site "Slovakia"]
[Date "2019.12.15"]
[Round "6.3"]
[White "Matejov, Jaroslav"]
[Black "Vyparina, Matej"]
[Result "0-1"]
[WhiteElo "2059"]
[BlackElo "2224"]
[PlyCount "126"]
[EventDate "2019.10.26"]
[EventType "team-tourn"]
[EventRounds "11"]
[EventCountry "SVK"]
[SourceTitle "CBM 194 Extra"]
[Source "ChessBase"]
[SourceDate "2020.03.31"]
[SourceVersion "1"]
[SourceVersionDate "2020.03.31"]
[SourceQuality "1"]
[WhiteTeam "Rajecke Teplice"]
[BlackTeam "Zilina Mladost III"]
[WhiteTeamCountry "SVK"]
[BlackTeamCountry "SVK"]

1. e4 c5 2. Nf3 e6 3. d4 cxd4 4. Nxd4 Nf6 5. Nc3 Bb4 6. Bd3 Nc6 7. Nde2 d5 8. exd5 Nxd5 9. 0-0 0-0 10. Nxd5 Qxd5 11. c3 Bd6 12. Qc2 Qh5 13. f4 Bc5+ 14. Kh1 f5 15. b4 Bb6 16. a4 a6 17. Rf3 e5 18. Bc4+ Kh8 19. Be3 Bxe3 20. Rxe3 Bd7 21. Rd1 Rad8 22. Rh3 Qg6 23. Rhd3 Qe8 24. Qd2 Be6 25. Rxd8 Nxd8 26. Bxe6 Nxe6 27. fxe5 Qxa4 28. Qd7 Qc2 29. Qd3 Qa2 30. c4 Qb2 31. Nc3 Qxb4 32. Nd5 Qb2 33. Re1 b5 34. cxb5 axb5 35. g3 g6 36. Nf6 Rd8 37. Qe3 Qd2 38. Qxd2 Rxd2 39. Rb1 Nd4 40. Kg1 Nf3+ 41. Kf1 Nxh2+ 42. Ke1 Nf3+ 43. Kf1 Nxe5 44. Rxb5 Nd7 45. Nd5 Kg7 46. Ke1 Rd4 47. Kf2 Kh6 48. Nf4 Nf6 49. Rb1 Re4 50. Rb7 Ng4+ 51. Kg2 Ra4 52. Rb2 Ra3 53. Ne2 Nf6 54. Rb7 Ne4 55. Rc7 Re3 56. Rc2 Kg5 57. Ra2 Kg4 58. Rb2 Nxg3 59. Ng1 f4 60. Ra2 f3+ 61. Kf2 Re4 62. Nxf3 Rf4 63. Ra3 Nf5 0-1

[Event "SVK-chT2C 1718"]
[Site "Slovakia"]
[Date "2018.01.14"]
[Round "6.4"]
[White "Matejov, Jaroslav"]
[Black "Magat, Jozef"]
[Result "1/2-1/2"]
[WhiteElo "2061"]
[BlackElo "2104"]
[PlyCount "82"]
[EventDate "2017.10.28"]
[EventType "team-tourn"]
[EventRounds "11"]
[EventCountry "SVK"]
[SourceTitle "EXT 2019"]
[Source "ChessBase"]
[SourceDate "2018.10.10"]
[SourceVersion "1"]
[SourceVersionDate "2018.10.10"]
[SourceQuality "1"]
[WhiteTeam "Zilina Mladost II"]
[BlackTeam "Dunajov Inbest II"]
[WhiteTeamCountry "SVK"]
[BlackTeamCountry "SVK"]

1. e4 c6 2. d4 d5 3. Nc3 dxe4 4. Nxe4 Nf6 5. Nxf6+ gxf6 6. g3 Bf5 7. Bg2 e6 8. Ne2 Na6 9. c3 h5 10. h4 Bd6 11. Bf4 Nc7 12. Qd2 Nd5 13. Bxd6 Qxd6 14. 0-0 0-0-0 15. Bf3 Bg4 16. Bxg4 hxg4 17. Rfd1 f5 18. c4 Nf6 19. Qf4 Qxf4 20. Nxf4 Rd7 21. Rd3 Kd8 22. Kf1 Ke7 23. Ke2 Ne4 24. Rad1 Rhd8 25. Ke3 a6 26. Ne2 f6 27. Nc3 Nd6 28. b3 b5 29. c5 Nf7 30. a3 Nh6 31. Ne2 e5 32. dxe5 Rxd3+ 33. Rxd3 Rxd3+ 34. Kxd3 fxe5 35. b4 Ke6 36. Nc3 Ng8 37. Nd1 Nf6 38. Ne3 Ne4 39. Nxg4 Nxc5+ 40. bxc5 fxg4 41. Ke4 a5 1/2-1/2

[Event "SVK-chT1E 1718"]
[Site "Slovakia"]
[Date "2017.11.05"]
[Round "4.8"]
[White "Nadzamova, Viktoria"]
[Black "Matejov, Jaroslav"]
[Result "0-1"]
[WhiteElo "1820"]
[BlackElo "2091"]
[PlyCount "60"]
[EventDate "2017.10.21"]
[EventType "team-tourn"]
[EventRounds "11"]
[EventCountry "SVK"]
[SourceTitle "CBM 181 Extra"]
[Source "ChessBase"]
[SourceDate "2017.12.12"]
[SourceVersion "1"]
[SourceVersionDate "2017.12.12"]
[SourceQuality "1"]
[WhiteTeam "Margecany OSK"]
[BlackTeam "Zilina Mladost"]
[WhiteTeamCountry "SVK"]
[BlackTeamCountry "SVK"]

1. e4 Nf6 2. e5 Nd5 3. c4 Nb6 4. d4 d6 5. Nf3 Bg4 6. exd6 cxd6 7. Be2 Nc6 8. b3 g6 9. Bb2 Bg7 10. 0-0 0-0 11. h3 Bxf3 12. Bxf3 d5 13. c5 Nc8 14. Na3 e6 15. Nc2 N8e7 16. Ne3 b6 17. Qd2 Rc8 18. Rac1 Bh6 19. b4 Nf5 20. a3 Qg5 21. Rfe1 Bg7 22. Qd3 Nfxd4 23. Bxd4 Bxd4 24. Be2 bxc5 25. bxc5 Rc7 26. Qb3 Rfc8 27. Rc2 Bg7 28. Rcc1 Nd4 29. Qb4 Nxe2+ 30. Rxe2 d4 0-1

[Event "SVK-chT2C 1718"]
[Site "Slovakia"]
[Date "2017.10.29"]
[Round "2.5"]
[White "Nikanova, Ekaterina"]
[Black "Matejov, Jaroslav"]
[Result "1-0"]
[WhiteElo "2054"]
[BlackElo "2070"]
[PlyCount "87"]
[EventDate "2017.10.28"]
[EventType "team-tourn"]
[EventRounds "11"]
[EventCountry "SVK"]
[SourceTitle "CBM 181 Extra"]
[Source "ChessBase"]
[SourceDate "2017.12.12"]
[SourceVersion "1"]
[SourceVersionDate "2017.12.12"]
[SourceQuality "1"]
[WhiteTeam "Banska Bystrica Veza"]
[BlackTeam "Zilina Mladost II"]
[WhiteTeamCountry "SVK"]
[BlackTeamCountry "SVK"]

1. e4 Nf6 2. e5 Nd5 3. d4 d6 4. c4 Nb6 5. Nf3 Bg4 6. exd6 cxd6 7. Be2 Nc6 8. b3 g6 9. Bb2 Bg7 10. 0-0 0-0 11. h3 Bxf3 12. Bxf3 d5 13. c5 Nc8 14. Qd2 e6 15. b4 N8e7 16. Na3 Nf5 17. Nc2 Qh4 18. Rfd1 Rfd8 19. b5 Nce7 20. Qd3 h5 21. a4 g5 22. Qe2 Ng6 23. Bc1 Bxd4 24. Nxd4 Nxd4 25. Rxd4 Qxd4 26. Bb2 Qh4 27. g3 Qxh3 28. Bxh5 Qf5 29. Bxg6 fxg6 30. Kg2 g4 31. Rh1 d4 32. Rh4 Qf3+ 33. Qxf3 gxf3+ 34. Kxf3 e5 35. Ke4 Rac8 36. Kxe5 Rxc5+ 37. Ke6 Rcd5 38. Rh1 Kf8 39. Ba3+ Kg7 40. Be7 g5 41. Bxd8 Rxd8 42. Kf5 d3 43. Rd1 b6 44. f4 1-0

[Event "SVK-chT1E 1617"]
[Site "Slovakia"]
[Date "2016.11.20"]
[Round "4.7"]
[White "Matejov, Jaroslav"]
[Black "Tropp, Frantisek"]
[Result "0-1"]
[WhiteElo "2077"]
[BlackElo "2133"]
[PlyCount "120"]
[EventDate "2016.10.15"]
[EventType "team-tourn"]
[EventRounds "11"]
[EventCountry "SVK"]
[SourceTitle "EXT 2018"]
[Source "ChessBase"]
[SourceDate "2017.10.13"]
[SourceVersion "1"]
[SourceVersionDate "2017.10.13"]
[SourceQuality "1"]
[WhiteTeam "Zilina Mladost"]
[BlackTeam "Liptov Chess School II"]
[WhiteTeamCountry "SVK"]
[BlackTeamCountry "SVK"]

1. e4 e6 2. d4 d5 3. Nd2 Nf6 4. Bd3 c5 5. c3 cxd4 6. cxd4 dxe4 7. Nxe4 Be7 8. Nf3 Nc6 9. 0-0 0-0 10. Be3 Nb4 11. Nxf6+ Bxf6 12. Bb1 Nd5 13. Qd3 g6 14. Bh6 Bg7 15. Bxg7 Kxg7 16. Rd1 b6 17. Ne5 Bb7 18. f3 Rc8 19. Qd2 Qe7 20. Be4 Rfd8 21. Rac1 Nf6 22. Bc6 Rd6 23. Bxb7 Rxc1 24. Qxc1 Qxb7 25. b4 Nd5 26. b5 a6 27. Qa3 Rd8 28. bxa6 Qa8 29. Rc1 b5 30. Rc5 f6 31. Nc6 Rd6 32. a7 Nb6 33. Nb8 b4 34. Qa6 Kh6 35. Rc7 Qd5 36. Qd3 Qxa2 37. Nc6 b3 38. f4 Qa1+ 39. Kf2 Qa2+ 40. Kg1 Rd7 41. Qh3+ Kg7 42. Rxd7+ Nxd7 43. Qxe6 Qb1+ 44. Kf2 Qc2+ 45. Kf3 Qc3+ 46. Kf2 Qc2+ 47. Kg3 Qd3+ 48. Kh4 g5+ 49. Kg4 h5+ 50. Kxh5 Qg6+ 51. Kg4 f5+ 52. Qxf5 Qxf5+ 53. Kxf5 Nb6 54. Kxg5 b2 55. g4 b1Q 56. Ne5 Qh7 57. Nf3 Qh3 58. Nh4 Qxh2 59. Nf5+ Kf8 60. Kf6 Qh8+ 0-1

[Event "SVK-chT2C 1516"]
[Site "Slovakia"]
[Date "2016.03.13"]
[Round "11.1"]
[White "Matejov, Jaroslav"]
[Black "Nagy, Gabor"]
[Result "0-1"]
[WhiteElo "2104"]
[BlackElo "2402"]
[PlyCount "114"]
[EventDate "2015.10.17"]
[EventType "team-tourn"]
[EventRounds "11"]
[EventCountry "SVK"]
[SourceTitle "EXT 2017"]
[Source "ChessBase"]
[SourceDate "2016.10.25"]
[SourceVersion "1"]
[SourceVersionDate "2016.10.25"]
[SourceQuality "1"]
[WhiteTeam "Zilina"]
[BlackTeam "Cebovce"]
[WhiteTeamCountry "SVK"]
[BlackTeamCountry "SVK"]

1. e4 c5 2. Nf3 e6 3. d4 cxd4 4. Nxd4 Nc6 5. Be3 Nf6 6. Bd3 Qc7 7. 0-0 a6 8. c4 Ne5 9. Qe2 Neg4 10. Nf3 Nxe3 11. Qxe3 d6 12. Nc3 Be7 13. Kh1 Ng4 14. Qe2 Ne5 15. Rac1 Bd7 16. Nd2 g5 17. Qe3 Qc5 18. Qxc5 dxc5 19. Be2 Bc6 20. Rfd1 0-0-0 21. f3 Bf6 22. Nf1 Ng6 23. Ng3 Nf4 24. Rxd8+ Rxd8 25. Rd1 Rxd1+ 26. Nxd1 h5 27. Bf1 h4 28. Ne2 Nd3 29. b3 Nb4 30. Ndc3 Be5 31. g3 Nd3 32. Kg2 b5 33. cxb5 axb5 34. Nd1 g4 35. Nec3 Ne1+ 36. Kf2 Nxf3 37. Bxb5 Bd4+ 38. Ke2 Ba8 39. Be8 Nxh2 40. gxh4 g3 41. Kd3 f5 42. exf5 exf5 43. Bg6 f4 44. Bf5+ Kd8 45. Ne2 g2 46. Bh3 f3 47. Bxg2 fxg2 48. Ne3 Bf6 49. h5 Nf3 50. Kc4 Nd4 51. Ng1 Bg5 52. Nd5 Ne6 53. Nc3 Be3 54. Nge2 Be4 55. a3 Nd4 56. b4 Nxe2 57. Nxe2 Bf3 0-1

[Event "SVK-chT1E 1516"]
[Site "Slovakia"]
[Date "2015.12.12"]
[Round "5.1"]
[White "Matejov, Jaroslav"]
[Black "Kolesar, Peter"]
[Result "1-0"]
[WhiteElo "2104"]
[BlackElo "1946"]
[PlyCount "80"]
[EventDate "2015.10.24"]
[EventType "team-tourn"]
[EventRounds "11"]
[EventCountry "SVK"]
[SourceTitle "CBM 170 Extra"]
[Source "ChessBase"]
[SourceDate "2016.02.25"]
[SourceVersion "1"]
[SourceVersionDate "2016.02.25"]
[SourceQuality "1"]
[WhiteTeam "Zilina Mladost"]
[BlackTeam "Zilina Mladost II"]
[WhiteTeamCountry "SVK"]
[BlackTeamCountry "SVK"]

1. e4 g6 2. d4 Bg7 3. f4 c5 4. c3 Qc7 5. Nf3 Nf6 6. e5 Ne4 7. Bd3 d5 8. Nbd2 Nxd2 9. Bxd2 c4 10. Bc2 Nc6 11. h3 Bd7 12. Nh4 0-0-0 13. Qf3 e6 14. g4 f6 15. exf6 Bxf6 16. g5 Be7 17. 0-0-0 Rhf8 18. Qg3 Bd6 19. Ng2 Qa5 20. Bb1 b5 21. h4 Qa4 22. h5 b4 23. hxg6 bxc3 24. Bxc3 hxg6 25. Rh6 Rg8 26. Nh4 Ne7 27. Nxg6 Nxg6 28. Rxg6 Rxg6 29. Bxg6 Qxa2 30. Bb1 Qb3 31. Bc2 Qb8 32. Rf1 Rg8 33. g6 Rg7 34. Qg5 Kc7 35. f5 exf5 36. Bxf5 Qe8 37. Bxd7 Kxd7 38. Qxd5 Qxg6 39. Qxc4 Qg5+ 40. Kb1 Re7 1-0

[Event "SVK-chT2C 1516"]
[Site "Slovakia"]
[Date "2015.11.08"]
[Round "4.2"]
[White "Buchnicek, Petr"]
[Black "Matejov, Jaroslav"]
[Result "1-0"]
[WhiteElo "2317"]
[BlackElo "2104"]
[PlyCount "97"]
[EventDate "2015.10.17"]
[EventType "team-tourn"]
[EventRounds "11"]
[EventCountry "SVK"]
[SourceTitle "CBM 169 Extra"]
[Source "ChessBase"]
[SourceDate "2015.12.18"]
[SourceVersion "1"]
[SourceVersionDate "2015.12.18"]
[SourceQuality "1"]
[WhiteTeam "Rajecke Teplice"]
[BlackTeam "Zilina"]
[WhiteTeamCountry "SVK"]
[BlackTeamCountry "SVK"]

1. e4 e5 2. Nf3 Nc6 3. Bc4 Be7 4. 0-0 d6 5. d3 Nf6 6. Re1 0-0 7. c3 Na5 8. Nbd2 c6 9. a4 Nxc4 10. dxc4 Qc7 11. Nf1 h6 12. h3 Be6 13. Qe2 Nh7 14. g4 h5 15. N3h2 Qd7 16. Ng3 hxg4 17. hxg4 Bg5 18. Kg2 g6 19. Bxg5 Nxg5 20. Rad1 Qe7 21. Rh1 Kg7 22. Nhf1 Rh8 23. Ne3 Rxh1 24. Rxh1 Rh8 25. Qd1 Rxh1 26. Qxh1 Qf6 27. Nef5+ Bxf5 28. gxf5 Nh7 29. Qh3 Nf8 30. Qg4 Kg8 31. a5 a6 32. b4 Qd8 33. Qd1 Qd7 34. Qd2 Qe7 35. Qh6 Qd8 36. Qd2 Qe7 37. Qe3 Nh7 38. Qa7 Qd7 39. Qb8+ Nf8 40. Kg1 Qe7 41. Qa7 Qd7 42. Qe3 Qe7 43. Qh6 Qd8 44. Kf1 Qe7 45. Nh5 f6 46. fxg6 d5 47. cxd5 cxd5 48. exd5 f5 49. d6 1-0

[Event "SVK-chT1E 1516"]
[Site "Slovakia"]
[Date "2015.10.24"]
[Round "1.6"]
[White "Tropp, Lukas"]
[Black "Matejov, Jaroslav"]
[Result "1/2-1/2"]
[WhiteElo "2081"]
[BlackElo "2104"]
[PlyCount "101"]
[EventDate "2015.10.24"]
[EventType "team-tourn"]
[EventRounds "11"]
[EventCountry "SVK"]
[SourceTitle "CBM 169 Extra"]
[Source "ChessBase"]
[SourceDate "2015.12.18"]
[SourceVersion "1"]
[SourceVersionDate "2015.12.18"]
[SourceQuality "1"]
[WhiteTeam "Kosice Slavia"]
[BlackTeam "Zilina Mladost"]
[WhiteTeamCountry "SVK"]
[BlackTeamCountry "SVK"]

1. e4 Nf6 2. e5 Nd5 3. d4 d6 4. Nf3 c6 5. Be2 Bg4 6. 0-0 Bxf3 7. Bxf3 dxe5 8. dxe5 e6 9. Qe2 Nd7 10. c4 Ne7 11. Bg4 g6 12. f4 h5 13. Bh3 Nf5 14. Bxf5 gxf5 15. Be3 Bc5 16. Nc3 Qb6 17. Bxc5 Qxc5+ 18. Kh1 0-0-0 19. Rad1 h4 20. h3 Nb6 21. b3 Rxd1 22. Rxd1 Rd8 23. Rxd8+ Kxd8 24. Qd2+ Ke8 25. g3 hxg3 26. Kg2 Nd7 27. Na4 Qa3 28. Kxg3 b5 29. cxb5 cxb5 30. Nc3 Qc5 31. Kg2 Qc6+ 32. Kg3 a6 33. a4 b4 34. Ne2 a5 35. Nd4 Qd5 36. Qe3 Nc5 37. Kh2 Ne4 38. Nb5 Kf8 39. Nd4 Nc3 40. h4 Ne4 41. Kh3 f6 42. exf6 Kf7 43. Nf3 Kxf6 44. Qd4+ Qxd4 45. Nxd4 Nc5 46. h5 Kg7 47. Kg3 Kh7 48. Kh3 Kg7 49. Kg3 Kf6 50. Kf3 Kg7 51. Kg3 1/2-1/2

[Event "SVK-chT2C 1415"]
[Site "Slovakia"]
[Date "2015.03.08"]
[Round "11.3"]
[White "Matejov, Jaroslav"]
[Black "Zbirka, Peter"]
[Result "1-0"]
[WhiteElo "2072"]
[BlackElo "2010"]
[PlyCount "89"]
[EventDate "2014.10.11"]
[EventType "team-tourn"]
[EventRounds "11"]
[EventCountry "SVK"]
[SourceTitle "EXT 2016"]
[Source "ChessBase"]
[SourceDate "2015.10.08"]
[SourceVersion "1"]
[SourceVersionDate "2015.10.08"]
[SourceQuality "1"]
[WhiteTeam "Dunajov II"]
[BlackTeam "Podbrezova ZP Sport"]
[WhiteTeamCountry "SVK"]
[BlackTeamCountry "SVK"]

1. e4 c5 2. Nf3 d6 3. d4 cxd4 4. Nxd4 Nf6 5. Nc3 g6 6. Be2 Bg7 7. Be3 Nc6 8. Qd2 Qa5 9. f3 0-0 10. 0-0-0 Bd7 11. Kb1 Rfc8 12. Nb3 Qd8 13. g4 Ne5 14. h4 Nc4 15. Bxc4 Rxc4 16. e5 Ne8 17. h5 Rac8 18. hxg6 fxg6 19. Qh2 h5 20. exd6 exd6 21. Nd5 Rxc2 22. Qxc2 Rxc2 23. Kxc2 hxg4 24. Kb1 Bf5+ 25. Ka1 gxf3 26. Nd4 Qd7 27. Nxf5 gxf5 28. Bd4 Bxd4 29. Rxd4 Qg7 30. Rdd1 f2 31. Rhf1 Qg2 32. Ne7+ Kf7 33. Nxf5 Ke6 34. Ne3 Qf3 35. Nd5 Nf6 36. Nxf6 Kxf6 37. Rxd6+ Ke5 38. Rd2 a6 39. Rdxf2 Qd3 40. Rc1 b5 41. a3 Qe3 42. Rff1 Qb6 43. Rce1+ Kd4 44. Rf7 Qc6 45. Rd7+ 1-0

[Event "SVK-chT1E 1415"]
[Site "Slovakia"]
[Date "2015.01.10"]
[Round "5.7"]
[White "Matejov, Jaroslav"]
[Black "Hrnciar, Roman"]
[Result "0-1"]
[WhiteElo "2072"]
[BlackElo "2039"]
[PlyCount "70"]
[EventDate "2014.10.18"]
[EventType "team-tourn"]
[EventRounds "11"]
[EventCountry "SVK"]
[SourceTitle "EXT 2016"]
[Source "ChessBase"]
[SourceDate "2015.10.08"]
[SourceVersion "1"]
[SourceVersionDate "2015.10.08"]
[SourceQuality "1"]
[WhiteTeam "Zilina"]
[BlackTeam "Dolny Kubin"]
[WhiteTeamCountry "SVK"]
[BlackTeamCountry "SVK"]

1. e4 Nc6 2. d4 d6 3. Nf3 g6 4. Be3 Bg7 5. h3 Nf6 6. Nc3 0-0 7. Qd2 a6 8. a4 e5 9. d5 Ne7 10. g3 Ne8 11. Bg2 Bd7 12. Nh4 Qc8 13. Bg5 f6 14. Be3 g5 15. Nf3 h6 16. h4 g4 17. Nh2 h5 18. 0-0 Ng6 19. Bh6 Kh7 20. Bxg7 Nxg7 21. Nd1 Qe8 22. f3 f5 23. exf5 Nxf5 24. fxg4 Nxg3 25. gxh5 Nxh4 26. Rxf8 Qxf8 27. Qd3+ Nhf5 28. Ne3 e4 29. Bxe4 Nxe4 30. Qxe4 Re8 31. Qg4 Rxe3 32. Rf1 Qg7 33. Kf2 Re7 34. Qxg7+ Nxg7 35. Nf3 Bg4 0-1

[Event "SVK-chT1E 1415"]
[Site "Slovakia"]
[Date "2014.11.29"]
[Round "3.8"]
[White "Pcola, Jaroslav"]
[Black "Matejov, Jaroslav"]
[Result "0-1"]
[WhiteElo "1928"]
[BlackElo "2072"]
[PlyCount "50"]
[EventDate "2014.10.18"]
[EventType "team-tourn"]
[EventRounds "11"]
[EventCountry "SVK"]
[SourceTitle "EXT 2016"]
[Source "ChessBase"]
[SourceDate "2015.10.08"]
[SourceVersion "1"]
[SourceVersionDate "2015.10.08"]
[SourceQuality "1"]
[WhiteTeam "Humenne"]
[BlackTeam "Zilina"]
[WhiteTeamCountry "SVK"]
[BlackTeamCountry "SVK"]

1. e4 e5 2. Nf3 Nc6 3. d4 exd4 4. Bc4 Be7 5. Nxd4 Nf6 6. Nf5 0-0 7. 0-0 d6 8. Nxe7+ Qxe7 9. f3 Be6 10. Bd3 d5 11. Qe1 dxe4 12. Bxe4 Nxe4 13. Qxe4 Rfe8 14. Nc3 Rad8 15. Be3 Bf5 16. Qxe7 Rxe7 17. Bf4 Nd4 18. Rae1 Red7 19. Re5 f6 20. Rc5 c6 21. Be3 Nxc2 22. Bf2 Bg6 23. Rc4 Bd3 24. Rc1 Bxc4 25. Rxc2 Rd1+ 0-1

[Event "SVK-chT1E 1314"]
[Site "Slovakia"]
[Date "2014.03.22"]
[Round "10.1"]
[White "Matejov, Jaroslav"]
[Black "Bednar, Milan"]
[Result "0-1"]
[WhiteElo "2138"]
[BlackElo "2240"]
[PlyCount "74"]
[EventDate "2013.10.12"]
[EventType "team-tourn"]
[EventRounds "11"]
[EventCountry "SVK"]
[SourceTitle "EXT 2015"]
[Source "ChessBase"]
[SourceDate "2014.11.20"]
[SourceVersion "1"]
[SourceVersionDate "2014.11.20"]
[SourceQuality "1"]
[WhiteTeam "Zilina Mladost"]
[BlackTeam "Bardejov"]
[WhiteTeamCountry "SVK"]
[BlackTeamCountry "SVK"]

1. e4 Nf6 2. e5 Nd5 3. d4 d6 4. c4 Nb6 5. f4 g6 6. Nf3 Bg7 7. Be2 0-0 8. exd6 exd6 9. h3 Nc6 10. 0-0 Qf6 11. d5 Nd4 12. Nc3 Re8 13. Bd3 Bf5 14. Bxf5 Nxf5 15. Qd3 Nd4 16. Ng5 Qf5 17. Nge4 Ne2+ 18. Qxe2 Bxc3 19. bxc3 Qxe4 20. Qf2 Nxc4 21. f5 Qxd5 22. fxg6 hxg6 23. Kh1 Re5 24. Bf4 Rf5 25. Rad1 Qc6 26. Qg3 Re8 27. Rf2 Re4 28. Rdf1 Qd7 29. Bg5 Rxf2 30. Qxf2 Qe6 31. Bf6 Ne3 32. Rb1 b6 33. c4 Qf5 34. Qb2 Nxc4 35. Qa1 Ne5 36. Bd8 Re2 37. Bh4 Qe4 0-1